Normal view MARC view
  • Rey, Rosa María

Entry Nombre Personal

Number of records used in: 6

001 - NUMERO DE CONTROL

  • campo de control: 42130

003 - IDENTIFICADOR DE NUMERO DE CONTROL

  • campo de control: UPN

005 - FECHA Y HORA DE LA ÜLTIMA TRANSACCIÓN

  • campo de control: 20210219194616.0

008 - DATOS DE LONGITUD FIJA

  • campo de control de longitud fija: nabaccnnaabn|||||||||| b |nc|||||d

035 ## - NUMERO DE CONTROL

  • Número de control: UPN11000014237

040 ## - FUENTE DE CATALOGACIÓN

  • Lenguaje de catalogación: SPA
  • Agencia de transcripción: UPN

100 1# - ENCABEZAMIENTO - NOMBRE PERSONAL

  • Nombre personal: Rey, Rosa María

670 ## - FUENTE EN LA QUE SE LOCALIZARON DATOS

  • Cita de la fuente: T
  • Uniform Resource Identifier: https://www.boutiquedellibro.com.ar/resultados.aspx?c=REY,%20ROSA%20MARIA&por=AutorEstricto&aut=198509

680 ## - NOTA PUBLICA DE ACCESO PÚBLICO

  • Frase explicativa de la referencia: Profra. en Letras (UBA) y Lic. en Psicología (UBA). Realiza desde hace años una labor continua en relación con la literatura infantil y los procesos del aprendizaje infantil de la lectura y la escritura.

902 ## - CATALOGADOR

  • Catalogador: EMR/170119